| 000 | 00630cam a2200229 4500 | ||
|---|---|---|---|
| 001 | sa 68015428 | ||
| 003 | DLC | ||
| 005 | 20260227112643.0 | ||
| 008 | 700323s1966 ii 000 0 eng | ||
| 010 | _asa 68015428 | ||
| 025 | _aPL480:I-E-7434 | ||
| 040 |
_aDLC _cDLC _dDLC |
||
| 050 | 0 | 0 |
_aTS980.U7 _bM3 |
| 082 | 0 | 0 | _a675/.2 |
| 110 | 2 | _aCentral Leather Research Institute (India) | |
| 245 | 1 | 0 |
_aUpper leathers. _cEditors: P. S. Venkatachalam [and] K. C. Shivappa. |
| 260 |
_aMadras _c[1966] |
||
| 300 |
_a94 p. _c24 cm. |
||
| 650 | 0 | _aLeather. | |
| 700 | 1 |
_aVenkatachalam, P. S., _eed. |
|
| 700 | 1 |
_aShivappa, K. C., _eed. |
|
| 999 |
_c86441 _d86441 |
||